[Event "Vilnius Zavanelli Memorial op-B"]
[Site "Vilnius"]
[Date "2018.10.27"]
[Round "4"]
[White "Poska, Karolis"]
[Black "Vasiliauskas, Nerijus"]
[Result "1/2-1/2"]
[WhiteElo "1942"]
[BlackElo "1925"]
[PlyCount "77"]
[EventDate "2018.10.25"]
[EventType "swiss"]
[EventRounds "7"]
[EventCountry "LTU"]
[SourceTitle "CBM 187 Extra"]
[Source "ChessBase"]
[SourceDate "2018.11.04"]
[SourceVersion "1"]
[SourceVersionDate "2018.11.04"]
[SourceQuality "1"]

1. e4 Nf6 2. e5 Nd5 3. d4 d6 4. c4 Nb6 5. exd6 cxd6 6. Nc3 g6 7. Be3 Bg7 8. Rc1 0-0 9. b3 e5 10. dxe5 dxe5 11. Qxd8 Rxd8 12. c5 N6d7 13. Bc4 Nc6 14. Nf3 Na5 15. Be2 Nc6 16. Bc4 Na5 17. Be2 b6 18. Na4 bxc5 19. Nxc5 Nxc5 20. Rxc5 Nb7 21. Rc7 Nd6 22. 0-0 e4 23. Nd2 a5 24. a4 Be6 25. Nc4 Nxc4 26. Bxc4 Bxc4 27. bxc4 Rdc8 28. Rxc8+ Rxc8 29. Rb1 Bc3 30. c5 Bb4 31. Kf1 f5 32. Rd1 Rc7 33. Rd5 Kf7 34. f3 exf3 35. gxf3 Ke6 36. Rd6+ Ke5 37. Ra6 Kd5 38. Rd6+ Ke5 39. Ra6 1/2-1/2

[Event "Baltic Amateur op"]
[Site "Vilnius"]
[Date "2014.03.10"]
[Round "4"]
[White "Juodzevicius, Darius"]
[Black "Poska, Karolis"]
[Result "1/2-1/2"]
[WhiteElo "1915"]
[BlackElo "1900"]
[PlyCount "60"]
[EventDate "2014.03.09"]
[EventType "swiss"]
[EventRounds "5"]
[EventCountry "LTU"]
[SourceTitle "CBM 159 Extra"]
[Source "ChessBase"]
[SourceDate "2014.04.24"]
[SourceVersion "1"]
[SourceVersionDate "2014.04.24"]
[SourceQuality "1"]

1. e4 d5 2. exd5 Qxd5 3. Nc3 Qd6 4. d4 Nf6 5. Bd3 c6 6. Nge2 Bg4 7. f3 Bh5 8. Bf4 Qd8 9. Qd2 e6 10. a3 Bd6 11. Ne4 Nxe4 12. Bxe4 Qc7 13. Bxd6 Qxd6 14. Qb4 Qc7 15. c4 a5 16. Qc3 f5 17. Bc2 0-0 18. 0-0-0 Na6 19. h3 b5 20. g4 b4 21. Qe3 Bf7 22. a4 b3 23. Bxb3 Rab8 24. Qc3 Rb7 25. f4 Rfb8 26. Bc2 Rxb2 27. Qxb2 Rxb2 28. Kxb2 Qb6+ 29. Bb3 Kf8 30. Rd3 Qb7 1/2-1/2

[Event "Plateliai op 23rd"]
[Site "Plateliai"]
[Date "2013.07.20"]
[Round "8"]
[White "Butkus, Julius"]
[Black "Poska, Karolis"]
[Result "0-1"]
[WhiteElo "1752"]
[BlackElo "1893"]
[PlyCount "38"]
[EventDate "2013.07.15"]
[EventType "swiss"]
[EventRounds "9"]
[EventCountry "LTU"]
[SourceTitle "EXT 2014"]
[Source "ChessBase"]
[SourceDate "2013.11.20"]
[SourceVersion "1"]
[SourceVersionDate "2013.11.20"]
[SourceQuality "1"]

1. e4 c5 2. Nf3 Nc6 3. d4 cxd4 4. Nxd4 e5 5. Nb5 d6 6. c4 Be7 7. N1c3 a6 8. Na3 Be6 9. Bd3 Nf6 10. Nd5 0-0 11. 0-0 Rc8 12. Be3 Nd7 13. Rc1 Bg5 14. f4 exf4 15. Bxf4 Nc5 16. b3 Bxd5 17. Bxg5 Qxg5 18. exd5 Qe3+ 19. Kh1 Qxd3 0-1

[Event "Plateliai op 23rd"]
[Site "Plateliai"]
[Date "2013.07.18"]
[Round "6"]
[White "Narmontas, Raimondas"]
[Black "Poska, Karolis"]
[Result "1-0"]
[WhiteElo "2076"]
[BlackElo "1893"]
[PlyCount "79"]
[EventDate "2013.07.15"]
[EventType "swiss"]
[EventRounds "9"]
[EventCountry "LTU"]
[SourceTitle "EXT 2014"]
[Source "ChessBase"]
[SourceDate "2013.11.20"]
[SourceVersion "1"]
[SourceVersionDate "2013.11.20"]
[SourceQuality "1"]

1. e4 c5 2. Nc3 Nc6 3. Bb5 Nd4 4. Bc4 e6 5. Nf3 Nf6 6. e5 d5 7. exf6 dxc4 8. fxg7 Bxg7 9. 0-0 Bd7 10. Ne4 Bc6 11. d3 Qe7 12. Nxd4 Bxe4 13. Nxe6 Qxe6 14. dxe4 0-0 15. Re1 Rad8 16. Qe2 f5 17. e5 f4 18. Bd2 Qxe5 19. Qxc4+ Qd5 20. Qxd5+ Rxd5 21. Bc1 f3 22. c3 b5 23. Be3 fxg2 24. Rad1 Rfd8 25. Rxd5 Rxd5 26. Kxg2 a5 27. Re2 Kf7 28. Rd2 Ke6 29. Rxd5 Kxd5 30. Kf3 a4 31. Bd2 Kc4 32. Ke4 b4 33. f4 Bh8 34. f5 Bf6 35. h3 b3 36. a3 h6 37. Bf4 Bxc3 38. Be5 Ba5 39. f6 Bd8 40. Bc3 1-0

[Event "Plateliai op 23rd"]
[Site "Plateliai"]
[Date "2013.07.16"]
[Round "2"]
[White "Setkauskas, Vaidas"]
[Black "Poska, Karolis"]
[Result "1-0"]
[WhiteElo "2209"]
[BlackElo "1893"]
[PlyCount "119"]
[EventDate "2013.07.15"]
[EventType "swiss"]
[EventRounds "9"]
[EventCountry "LTU"]
[SourceTitle "EXT 2014"]
[Source "ChessBase"]
[SourceDate "2013.11.20"]
[SourceVersion "1"]
[SourceVersionDate "2013.11.20"]
[SourceQuality "1"]

1. e4 c5 2. Nc3 Nc6 3. Nf3 e5 4. Bc4 Be7 5. d3 Nf6 6. Nd2 d6 7. Nf1 h6 8. Ne3 Be6 9. Ned5 Bxd5 10. Nxd5 Nxd5 11. Bxd5 Bg5 12. Be3 Ne7 13. Bb3 Nc6 14. c3 Qe7 15. Qh5 g6 16. Qg4 Kd8 17. 0-0 Kc7 18. f4 f5 19. Qg3 exf4 20. Bxf4 Rhf8 21. Rae1 Bxf4 22. Rxf4 Qg5 23. Qf2 Ne5 24. Bc2 Ng4 25. Qg3 Rae8 26. Ref1 Nf6 27. Qf2 Nh5 28. Rf3 f4 29. Bd1 Qe5 30. Rh3 Rf6 31. Rh4 c4 32. dxc4 Qxe4 33. Qxa7 Qxc4 34. Bf3 Qc5+ 35. Qxc5+ dxc5 36. Bxh5 gxh5 37. Rhxf4 Rxf4 38. Rxf4 Re2 39. Rf5 b6 40. b4 cxb4 41. cxb4 Rxa2 42. Rxh5 Rb2 43. b5 Kd7 44. h3 Ke7 45. Kh2 Kf7 46. Kg3 Kg6 47. Rd5 Kg7 48. Kf3 Rb4 49. g3 Kh7 50. h4 Kg7 51. g4 Kh7 52. Rd7+ Kg8 53. Rd6 Rxb5 54. Rxh6 Rb1 55. h5 b5 56. Kf4 b4 57. Rb6 b3 58. Kg5 b2 59. Kg6 Kf8 60. g5 1-0

[Event "LTU-ch U18"]
[Site "Siauliai"]
[Date "2011.03.19"]
[Round "4"]
[White "Poska, Karolis"]
[Black "Kontrimas, Andrius"]
[Result "1-0"]
[WhiteElo "1822"]
[BlackElo "1822"]
[PlyCount "84"]
[EventDate "2011.03.17"]
[EventType "swiss"]
[EventRounds "7"]
[EventCountry "LTU"]
[SourceTitle "EXT 2022"]
[Source "ChessBase"]
[SourceDate "2021.10.06"]
[SourceVersion "1"]
[SourceVersionDate "2021.10.06"]
[SourceQuality "1"]

1. Nf3 Nf6 2. d4 g6 3. g3 Bg7 4. Bg2 0-0 5. 0-0 d5 6. c4 dxc4 7. Ne5 Nbd7 8. Nxc4 Nb6 9. Nxb6 axb6 10. Nc3 c6 11. e4 Be6 12. d5 cxd5 13. exd5 Bf5 14. Qb3 Nd7 15. Be3 Nc5 16. Bxc5 bxc5 17. Rfe1 Ra6 18. a4 Rb6 19. Nb5 Qd7 20. Re2 Rc8 21. Qc4 Bg4 22. f3 Bh3 23. Bxh3 Qxh3 24. Rxe7 Bf6 25. Re2 Qd7 26. Rae1 Ra6 27. b3 Raa8 28. Kg2 b6 29. d6 Re8 30. Qd5 Rxe2+ 31. Rxe2 Rd8 32. Re4 Kg7 33. g4 h6 34. Kg3 Kh8 35. Na3 Rb8 36. Nc4 Re8 37. Nxb6 Qd8 38. Rxe8+ Qxe8 39. Qe4 Qb8 40. Qc6 Be5+ 41. Kg2 Bxd6 42. Nd7 Be7 1-0

[Event "Plunge op 29th"]
[Site "Plunge"]
[Date "2009.07.15"]
[Round "1"]
[White "Sarakauskas, Gediminas"]
[Black "Poska, Karolis"]
[Result "1-0"]
[WhiteElo "2418"]
[BlackElo "1842"]
[PlyCount "111"]
[EventDate "2009.07.15"]
[EventType "swiss"]
[EventRounds "7"]
[EventCountry "LTU"]
[SourceTitle "EXT 2012"]
[Source "ChessBase"]
[SourceDate "2011.11.24"]
[SourceVersion "1"]
[SourceVersionDate "2011.11.24"]
[SourceQuality "1"]

1. e4 d5 2. exd5 Qxd5 3. Nc3 Qd6 4. Bc4 a6 5. d3 Nf6 6. Nge2 b5 7. Bb3 Bb7 8. 0-0 e6 9. Bf4 Qc6 10. f3 Bd6 11. a4 Qb6+ 12. Kh1 Nbd7 13. Bxd6 cxd6 14. axb5 axb5 15. Rxa8+ Bxa8 16. d4 0-0 17. Qd3 b4 18. Ne4 Bd5 19. Bxd5 Nxd5 20. Ra1 Nc7 21. Qb3 Rb8 22. Nf2 Nd5 23. Nd3 Qc7 24. Kg1 Rc8 25. Rc1 Qc4 26. Qxc4 Rxc4 27. Kf2 g6 28. Ke1 Rc6 29. Kd2 Ra6 30. Nef4 N7b6 31. Nxd5 Nxd5 32. Nf2 f5 33. g3 Kf7 34. Nd3 g5 35. h4 h6 36. hxg5 hxg5 37. Rh1 Kg7 38. Rh5 Kg6 39. Rh8 Ra1 40. Nc1 Ra6 41. Rd8 f4 42. gxf4 gxf4 43. Nd3 Rc6 44. b3 Kg5 45. Rg8+ Kf5 46. Rf8+ Kg5 47. Nf2 e5 48. Ne4+ Kg6 49. Rd8 exd4 50. Rxd6+ Rxd6 51. Nxd6 Kf6 52. Kd3 Ne3 53. Nb5 Nf1 54. Nxd4 Nh2 55. Ke2 Ke5 56. Nc6+ 1-0